• 首页
  • 本馆介绍
  • 公告通知
  • 最新文献
  • 馆藏检索
  • 电子资源
  • 读者导购
  • 参考咨询
  • 我的图书馆
  • 登录
  • 详细信息显示
  • 放入我的书架
  • 预约/预借图书
  • 作者相关作品
  • 分类相关作品
  • 丛书相关作品
  • 出版社相关作品

书目信息

  • 表格格式
  • 工作单格式
  • 卡片格式
题名:
现代无机合成
    
 
作者: 刘祖武 编著
分册:  
出版信息: 北京   化学工业出版社  1999
页数: 222页
开本: 16开
丛书名:
单 册:
中图分类: O611.4
科图分类:
主题词: 无机化合物--合成
电子资源:
ISBN: 7-5025-1833-9
000 00543nam0 2200193 45
001 0110310893
005 20031219104051.3
010    @a7-5025-1833-9@dCNY29.00
100    @a20011031d1999 km y0chiy0120 ea
101 0  @achi
105    @a z 000yy
200 1  @a现代无机合成@AXian Dai Wu Ji He Cheng@f刘祖武编著@FLiu Zu Wu Bian Zhu
210    @a北京@c化学工业出版社@d1999
215    @a222页@d16开
606 0  @a无机化合物@x合成
690    @aO611.4@v4
701    @a刘祖武@4编著
801    @aCN@bTSTC@c20011031
905    @f6@b300301-306@dO611.4@e16
    
    现代无机合成/刘祖武编著.-北京:化学工业出版社,1999
    222页;16开
    
    
    ISBN 7-5025-1833-9:CNY29.00
    
●
相关链接 在E读中查询图书 在五车中查询图书 在当当中查询图书 在豆瓣中查询图书


正题名:现代无机合成     索取号:O611.4/16         预约/预借

序号 登录号 条形码 馆藏地/架位号 状态 备注
1 0300301   203003016   第三借阅区/ [索取号:O611.4/16] 在馆    
2 0300302   203003025   第三借阅区/ [索取号:O611.4/16] 在馆    
3 0300303   203003034   第三借阅区/ [索取号:O611.4/16] 在馆    
4 0300304   203003043   第三借阅区/ [索取号:O611.4/16] 在馆    
5 0300305   203003052   第三借阅区/ [索取号:O611.4/16] 在馆    
6 0300306   203003061   第二样本阅览室/ [索取号:O611.4/16] 在馆    
唐山师范学院图书馆 欢迎您!
大连网信软件有限公司© 版权所有